[Event "74th UKR-ch"]
[Site "Rivne UKR"]
[Date "2005.08.27"]
[Round "2.2"]
[White "Moroz, Alexander"]
[WhiteElo "2487"]
[Black "Borovikov, Vladislav"]
[BlackElo "2595"]
[Result "1/2-1/2"]
[EventDate "2005.08.??"]
[PlyCount "55"]

1. e4 c5 2. Nf3 d6 3. d4 cxd4 4. Nxd4 Nf6 5. Nc3 a6 6. Be2 e5 7. Nb3 Be7 8. O-O O-O 9. Qd3 Nc6 10. Bg5 a5 11. a4 Nb4 12. Qd2 Be6 13. Rad1 Rc8 14. Bf3 h6 15. Be3 Nh7 16. Na1 Rc6 17. Nd5 Bxd5 18. exd5 Rc8 19. c3 Na6 20. Be2 Nc5 21. Qc2 Bg5 22. Bg4 Rc7 23. Bxc5 Rxc5 24. Nb3 Rc4 25. Be2 Rc8 26. Bg4 Rc4 27. Be2 Rc8 28. Bg4 1/2-1/2

[Event "74th UKR-ch"]
[Site "Rivne UKR"]
[Date "2005.08.27"]
[Round "2.3"]
[White "Borovikov, Vladislav"]
[WhiteElo "2595"]
[Black "Moroz, Alexander"]
[BlackElo "2487"]
[Result "1-0"]
[EventDate "2005.08.??"]
[PlyCount "61"]

1. e4 c5 2. Nc3 Nc6 3. Nge2 Nd4 4. d3 d6 5. Be3 e5 6. Nd5 Ne7 7. Nec3 Nec6 8. g3 Be7 9. Bg2 O-O 10. O-O Rb8 11. a3 b5 12. b4 a6 13. f4 exf4 14. Bxf4 Bg5 15. Qd2 Bxf4 16. gxf4 f5 17. Rae1 Bb7 18. Nd1 Ne7 19. Nxe7+ Qxe7 20. c3 Nc6 21. Ne3 fxe4 22. dxe4 Rbd8 23. Qf2 cxb4 24. axb4 Nb8 25. Qg3 Bxe4 26. Nd5 Qa7+ 27. Kh1 Bxg2+ 28. Qxg2 Nc6 29. Re6 Qf7 30. f5 Ne5 31. Re7 1-0

[Event "74th UKR-ch"]
[Site "Rivne UKR"]
[Date "2005.08.27"]
[Round "2.4"]
[White "Moroz, Alexander"]
[WhiteElo "2487"]
[Black "Borovikov, Vladislav"]
[BlackElo "2595"]
[Result "1/2-1/2"]
[EventDate "2005.08.??"]
[PlyCount "53"]

1. e4 c5 2. Nf3 d6 3. d4 cxd4 4. Nxd4 Nf6 5. Nc3 e5 6. Nb3 a6 7. Be2 Be7 8. O-O O-O 9. Qd3 Nbd7 10. a4 b6 11. Qg3 Kh8 12. f4 Bb7 13. Bf3 b5 14. Rd1 Rc8 15. fxe5 dxe5 16. axb5 axb5 17. Be3 b4 18. Nd5 Nxd5 19. exd5 Rxc2 20. Ra7 Rxb2 21. Na5 Bc5 22. Bxc5 Nxc5 23. Nc4 Rc2 24. Nxe5 Qb6 25. Nxf7+ Kg8 26. Qd6 Qxd6 27. Nxd6 1/2-1/2

[Event "74th UKR-ch"]
[Site "Rivne UKR"]
[Date "2005.08.26"]
[Round "2.1"]
[White "Brodsky, Mikhail"]
[WhiteElo "2554"]
[Black "Malakhatko, Vadym"]
[BlackElo "2556"]
[Result "1/2-1/2"]
[EventDate "2005.08.??"]
[PlyCount "144"]

1. Nf3 d5 2. d4 Nf6 3. c4 c6 4. Nc3 e6 5. Bg5 Nbd7 6. e3 Qa5 7. cxd5 Nxd5 8. Qd2 Bb4 9. Rc1 h6 10. Bh4 c5 11. Bd3 b6 12. O-O O-O 13. Bb1 Bxc3 14. Qc2 N5f6 15. Qxc3 Qxc3 16. bxc3 Bb7 17. Nd2 Ba6 18. Rfd1 Rac8 19. e4 g5 20. Bg3 Nh5 21. Bd6 Rfd8 22. g3 Ng7 23. Nb3 cxd4 24. cxd4 Rxc1 25. Rxc1 Rc8 26. Rxc8+ Bxc8 27. f3 Ne8 28. Ba3 Nc7 29. Kf2 f6 30. Nd2 Ba6 31. Bc2 Nb5 32. Bb2 Nd6 33. Bb3 Kf7 34. Ke3 Nb7 35. Bc3 Na5 36. Bxa5 bxa5 37. Bc4 Bc8 38. Bb5 Nb6 39. a3 a4 40. Kd3 Ke7 41. Kc3 e5 42. Kd3 Kd6 43. Ke3 Be6 44. f4 Bg4 45. dxe5+ fxe5 46. fxg5 hxg5 47. h4 gxh4 48. gxh4 Ke7 49. Be2 Be6 50. Kd3 Kf6 51. Kc3 a5 52. Bb5 Bf7 53. Kd3 Be6 54. Ke3 Bf7 55. Kf3 Bh5+ 56. Kg3 Bf7 57. Kg4 Be6+ 58. Kg3 Bf7 59. Nf3 Bc4 60. Bc6 Bf7 61. Nd2 Bh5 62. Bb5 Bf7 63. Kf2 Be6 64. Ke3 Bf7 65. Nb1 Kg6 66. Kf3 Bc4 67. Be8+ Kf6 68. Nc3 Bb3 69. Bb5 Kg6 70. Kg3 Kh6 71. Kg4 Be6+ 72. Kg3 Bb3 1/2-1/2

[Event "74th UKR-ch"]
[Site "Rivne UKR"]
[Date "2005.08.27"]
[Round "2.3"]
[White "Brodsky, Mikhail"]
[WhiteElo "2554"]
[Black "Malakhatko, Vadym"]
[BlackElo "2556"]
[Result "1-0"]
[EventDate "2005.08.??"]
[PlyCount "131"]

1. Nf3 d5 2. d4 Nf6 3. c4 c6 4. Nc3 a6 5. c5 Nbd7 6. Bf4 Nh5 7. e3 Nxf4 8. exf4 g6 9. h4 b6 10. cxb6 Qxb6 11. Qd2 Rb8 12. Na4 Qc7 13. Rc1 Nf6 14. Bd3 Bh6 15. g3 O-O 16. Ne5 Bb7 17. Nc5 Ne4 18. Bxe4 dxe4 19. Ned7 Bc8 20. Nxf8 Kxf8 21. O-O Qd6 22. Rfe1 Bf5 23. Nxe4 Qd5 24. Nc3 Qd7 25. Qe2 Bg7 26. Rcd1 Bg4 27. f3 Be6 28. Kh2 a5 29. b3 h5 30. Ne4 Bd5 31. Nc5 Qd6 32. Qe3 e6 33. Rd2 Kg8 34. Nd3 Ra8 35. Rc1 Rb8 36. Ne5 a4 37. bxa4 Ra8 38. Nc4 Qc7 39. a5 Bxc4 40. Rxc4 Rxa5 41. Rdc2 Qa7 42. Qd2 Ra3 43. Kg2 Qd7 44. Rxc6 Qd5 45. Qe2 Bxd4 46. Qe4 Qd7 47. Rc7 Qd6 48. Rc8+ Kg7 49. Rd2 Ra4 50. Qc2 Qa6 51. Rc6 Qb5 52. Rc7 Rb4 53. Qc6 Qxc6 54. Rxc6 Ra4 55. Rd6 Bf6 56. Rc2 Ra7 57. Rdc6 Bd8 58. R6c4 Kf6 59. a4 Rb7 60. Ra2 Ba5 61. Rc5 Ra7 62. Rb5 Ra6 63. Rb7 Bc3 64. Rc2 Ba5 65. Rc8 Kg7 66. Re8 1-0

[Event "74th UKR-ch"]
[Site "Rivne UKR"]
[Date "2005.08.27"]
[Round "2.4"]
[White "Malakhatko, Vadym"]
[WhiteElo "2556"]
[Black "Brodsky, Mikhail"]
[BlackElo "2554"]
[Result "1/2-1/2"]
[EventDate "2005.08.??"]
[PlyCount "134"]

1. d4 Nf6 2. c4 e6 3. Nf3 b6 4. g3 Ba6 5. b3 Bb4+ 6. Bd2 Be7 7. Nc3 O-O 8. Qc2 d5 9. cxd5 Nxd5 10. Bg2 Bb7 11. Nxd5 exd5 12. O-O Nd7 13. Bf4 Rc8 14. Bh3 Bd6 15. Ne5 Bxe5 16. Bxe5 c5 17. Bf4 Qe7 18. Rfe1 Rcd8 19. Rac1 Rc8 20. Qf5 Rfd8 21. Bg5 f6 22. Be3 Nf8 23. Qh5 Rc7 24. dxc5 bxc5 25. Bd2 g6 26. Qh6 Rc6 27. Qe3 Qf7 28. Ba5 Re8 29. Qd2 d4 30. b4 cxb4 31. Rxc6 Bxc6 32. Bxb4 Qd5 33. f3 Ne6 34. Bg2 Qd7 35. a3 Kg7 36. e4 h5 37. h4 Bb5 38. Rc1 Rc8 39. Rxc8 Qxc8 40. f4 Qc4 41. f5 gxf5 42. exf5 Nd8 43. Qf4 Nf7 44. Qb8 Bd7 45. Qf8+ Kh7 46. Qc5 Qxc5 47. Bxc5 d3 48. Kf2 a6 49. Be4 Bb5 50. Ke3 Ne5 51. Kd2 Kg7 52. Kc3 Kf7 53. Bd4 d2 54. Kxd2 Nc4+ 55. Kc3 Nd6 56. Bf3 Nxf5 57. Bxh5+ Kg7 58. Bf2 Nd6 59. Bf3 f5 60. Kb4 Kg6 61. a4 Bf1 62. Be3 Ne4 63. Bf4 Nf2 64. Ka5 Nd3 65. Be3 Ne5 66. h5+ Kh7 67. Bd5 Nc4+ 1/2-1/2

[Event "74th UKR-ch"]
[Site "Rivne UKR"]
[Date "2005.08.26"]
[Round "2.1"]
[White "Yefymenko, Zakhar"]
[WhiteElo "2643"]
[Black "Lahno, Kateryna"]
[BlackElo "2498"]
[Result "1-0"]
[EventDate "2005.08.??"]
[PlyCount "149"]

1. d4 Nf6 2. c4 g6 3. Nc3 Bg7 4. e4 d6 5. h3 O-O 6. Be3 Nbd7 7. Bd3 e5 8. d5 Nh5 9. g3 Nc5 10. Bc2 a5 11. Nge2 f5 12. exf5 Bxf5 13. Bxc5 dxc5 14. Be4 Qf6 15. Qd3 Bh6 16. g4 Nf4 17. Nxf4 Bxe4 18. Nxe4 Qxf4 19. O-O b6 20. Kg2 Qf7 21. Rad1 Rad8 22. Qe2 Bf4 23. Rd3 Kg7 24. Rfd1 Rd7 25. Qc2 Rfd8 26. Qa4 h5 27. Qc6 Rd6 28. Qa4 hxg4 29. hxg4 Rh8 30. Rh1 Rxh1 31. Kxh1 Rd8 32. Rh3 Rf8 33. Qc2 Qd7 34. Qe2 Rh8 35. Rxh8 Kxh8 36. Kg2 Qa4 37. b3 Qd7 38. Qf3 Kg7 39. Qh3 Qe7 40. a4 Qd8 41. Kf3 Bg5 42. Ke2 Bf4 43. Kd3 Bg5 44. Kc2 Bf4 45. d6 cxd6 46. Qd3 Qa8 47. Qd5 Qc8 48. Qxd6 Qb7 49. Kd3 Qf7 50. Ke2 Qb7 51. f3 Qa7 52. g5 Qf7 53. Qxb6 Qf5 54. Qf6+ Qxf6 55. gxf6+ Kf7 56. Nxc5 Kxf6 57. Nb7 e4 58. fxe4 Bc7 59. Nc5 Ke5 60. Kf3 g5 61. Kg4 Bd6 62. Nb7 Bc7 63. Kxg5 Kxe4 64. Nc5+ Ke5 65. Kg6 Bd6 66. Nb7 Bc7 67. Kf7 Kd4 68. Ke6 Kc3 69. Nc5 Kb4 70. Kd5 Bb6 71. Nd7 Bc7 72. Kc6 Bh2 73. Kb6 Kxb3 74. Kb5 Bc7 75. Nc5+ 1-0

[Event "74th UKR-ch"]
[Site "Rivne UKR"]
[Date "2005.08.26"]
[Round "2.1"]
[White "Kruppa, Yury"]
[WhiteElo "2525"]
[Black "Baklan, Volodymyr"]
[BlackElo "2584"]
[Result "1/2-1/2"]
[EventDate "2005.08.??"]
[PlyCount "83"]

1. d4 Nf6 2. c4 g6 3. Nc3 Bg7 4. e4 d6 5. Nf3 O-O 6. Be2 e5 7. Be3 Ng4 8. Bg5 f6 9. Bc1 f5 10. dxe5 Nxe5 11. exf5 Rxf5 12. O-O Nbc6 13. Nd5 Nxf3+ 14. Bxf3 Rf8 15. Be4 Nd4 16. Be3 c5 17. Qd2 Be6 18. Bh6 Qh4 19. Bxg7 Kxg7 20. Rae1 Rf7 21. b3 Re8 22. Nc3 Rfe7 23. Re3 Bc8 24. Rfe1 Qg5 25. Qd3 Bf5 26. Kh1 Re5 27. h3 Qh4 28. Bxf5 gxf5 29. Qd2 Nf3 30. Rxe5 dxe5 31. gxf3 Qxh3+ 32. Kg1 Kh8 33. Ne2 f4 34. Qc3 Rg8+ 35. Ng3 fxg3 36. Qxe5+ Rg7 37. Qb8+ Rg8 38. Qe5+ Rg7 39. fxg3 h5 40. Qe8+ Rg8 41. Qe5+ Rg7 42. Qe8+ 1/2-1/2

[Event "74th UKR-ch"]
[Site "Rivne UKR"]
[Date "2005.08.27"]
[Round "2.2"]
[White "Baklan, Volodymyr"]
[WhiteElo "2584"]
[Black "Kruppa, Yury"]
[BlackElo "2525"]
[Result "0-1"]
[EventDate "2005.08.??"]
[PlyCount "96"]

1. e4 e6 2. d4 d5 3. Nc3 Bb4 4. e5 c5 5. a3 Bxc3+ 6. bxc3 Nc6 7. Qg4 g6 8. a4 Bd7 9. Nf3 Qa5 10. Bd2 c4 11. Be2 O-O-O 12. O-O f5 13. Qg5 Be8 14. Qh4 Rd7 15. Rfb1 a6 16. Ng5 Nd8 17. Qh3 Re7 18. Bc1 Nf7 19. Nxf7 Rxf7 20. Qf3 h6 21. Ba3 Bc6 22. Bc5 Qd8 23. Rb6 Ne7 24. Rab1 Qd7 25. Qg3 Rg7 26. a5 Kd8 27. f4 Nc8 28. Qh4+ Kc7 29. R6b2 g5 30. fxg5 Qd8 31. Rf1 hxg5 32. Qg3 Kb8 33. Bb4 Be8 34. Rf2 Rgh7 35. h3 Bh5 36. Bf1 f4 37. Qh2 Bg4 38. Rb1 Ne7 39. Bxe7 Qxe7 40. Rb4 Qg7 41. Rb1 Qg6 42. Re1 Bf5 43. Ree2 Qe8 44. Qh1 Qa4 45. g3 Bxh3 46. Rh2 Qa1 47. Kf2 fxg3+ 48. Kxg3 Qxc3+ 0-1

[Event "74th UKR-ch"]
[Site "Rivne UKR"]
[Date "2005.08.26"]
[Round "2.1"]
[White "Neverov, Valeriy"]
[WhiteElo "2572"]
[Black "Kuzubov, Yuriy"]
[BlackElo "2535"]
[Result "1-0"]
[EventDate "2005.08.??"]
[PlyCount "87"]

1. Nf3 d5 2. g3 c5 3. Bg2 Nc6 4. O-O Bg4 5. h3 Bh5 6. c4 d4 7. Qa4 Qd7 8. d3 e6 9. a3 Nf6 10. b4 Be7 11. Bf4 O-O 12. g4 Bg6 13. b5 Nb8 14. Ne5 Qc8 15. Nd2 Nbd7 16. Nxg6 hxg6 17. e3 Ne8 18. exd4 cxd4 19. Nf3 Bc5 20. Qc2 f6 21. Qe2 e5 22. Bd2 Nd6 23. Nh4 Qe8 24. Rae1 f5 25. Bd5+ Kh8 26. gxf5 gxf5 27. Kh1 Nf6 28. Qxe5 Qh5 29. Qg3 Nxd5 30. Ng6+ Kg8 31. Nxf8 Rxf8 32. Rg1 Rf7 33. cxd5 f4 34. Bxf4 Qxd5+ 35. Rg2 Nf5 36. Qg4 Bxa3 37. Re8+ Bf8 38. Re5 Qd7 39. Rg1 a5 40. bxa6 bxa6 41. Bh2 Rf6 42. Qe4 Ne7 43. Qg2 Rg6 44. Rxe7 1-0

[Event "74th UKR-ch"]
[Site "Rivne UKR"]
[Date "2005.08.27"]
[Round "2.2"]
[White "Kuzubov, Yuriy"]
[WhiteElo "2535"]
[Black "Neverov, Valeriy"]
[BlackElo "2572"]
[Result "1/2-1/2"]
[EventDate "2005.08.??"]
[PlyCount "41"]

1. d4 d5 2. c4 e6 3. Nc3 Be7 4. Qc2 Nf6 5. Bg5 h6 6. Bxf6 Bxf6 7. cxd5 exd5 8. e3 O-O 9. Nf3 c5 10. dxc5 Qa5 11. Be2 Qxc5 12. Rc1 Be6 13. O-O Qa5 14. Qb3 d4 15. Qb5 Qxb5 16. Nxb5 Nc6 17. Nfxd4 Nxd4 18. exd4 Bxa2 19. Bf3 Rad8 20. Bxb7 Bxd4 21. Nxd4 1/2-1/2

[Event "74th UKR-ch"]
[Site "Rivne UKR"]
[Date "2005.08.26"]
[Round "2.1"]
[White "Ushenina, Anna"]
[WhiteElo "2389"]
[Black "Korobov, Anton"]
[BlackElo "2554"]
[Result "1/2-1/2"]
[EventDate "2005.08.??"]
[PlyCount "90"]

1. Nf3 Nf6 2. c4 e6 3. Nc3 Bb4 4. Qc2 O-O 5. a3 Bxc3 6. Qxc3 b6 7. e3 Bb7 8. Be2 d6 9. O-O Nbd7 10. b4 c5 11. Bb2 e5 12. d4 Re8 13. dxc5 dxc5 14. Nd2 Qc7 15. f3 h5 16. Rfd1 h4 17. h3 Rac8 18. b5 Nf8 19. a4 Re7 20. Nf1 Rce8 21. Ra2 Ng6 22. Ba1 Nd7 23. Bd3 Ndf8 24. Rad2 f6 25. Bf5 Bc8 26. Qc2 Bxf5 27. Qxf5 Qc8 28. Qc2 e4 29. f4 Nh8 30. Rd5 Nf7 31. Qf2 Rd7 32. Rxd7 Nxd7 33. Qxh4 Nf8 34. Ng3 Rd8 35. Rf1 Ng6 36. Qh5 Ne7 37. f5 Qd7 38. Nxe4 Qd3 39. Qg4 Qxe3+ 40. Kh1 Kf8 41. Nxf6 gxf6 42. Bxf6 Qh6 43. Bxe7+ Kxe7 44. f6+ Kf8 45. Qe6 Re8 1/2-1/2

[Event "74th UKR-ch"]
[Site "Rivne UKR"]
[Date "2005.08.27"]
[Round "2.2"]
[White "Korobov, Anton"]
[WhiteElo "2554"]
[Black "Ushenina, Anna"]
[BlackElo "2389"]
[Result "0-1"]
[EventDate "2005.08.??"]
[PlyCount "90"]

1. d4 d5 2. c4 e6 3. Nc3 Be7 4. cxd5 exd5 5. Bf4 c6 6. e3 Bf5 7. Nge2 Bd6 8. Ng3 Bg6 9. h4 Bxf4 10. exf4 Nh6 11. h5 Bf5 12. Nxf5 Nxf5 13. Qg4 Qf6 14. Bd3 Nd6 15. O-O-O Nd7 16. Rhe1+ Kd8 17. Re5 g6 18. g3 Re8 19. Qe2 Qh8 20. Qc2 Nxe5 21. dxe5 Nc8 22. Be4 Nb6 23. Bxd5 cxd5 24. Nxd5 Nxd5 25. Rxd5+ Ke7 26. Qc5+ Ke6 27. Rd6+ Kf5 28. Qc2+ Kg4 29. Qe2+ Kh3 30. Rd1 Rac8+ 31. Kb1 Red8 32. Rg1 g5 33. Qf1+ Kg4 34. f3+ Kxh5 35. Qh3+ Kg6 36. f5+ Kg7 37. f6+ Kf8 38. f4 h5 39. Qf5 Qg8 40. Qe4 Rd7 41. f5 Qh7 42. a3 Kg8 43. Ka2 Re8 44. g4 h4 45. Rh1 Qh6 0-1

[Event "74th UKR-ch"]
[Site "Rivne UKR"]
[Date "2005.08.26"]
[Round "2.1"]
[White "Zinchenko, Yaroslav"]
[WhiteElo "2493"]
[Black "Areschenko, Alexander"]
[BlackElo "2625"]
[Result "0-1"]
[EventDate "2005.08.??"]
[PlyCount "84"]

1. e4 c5 2. Nf3 d6 3. d4 cxd4 4. Nxd4 Nf6 5. Nc3 a6 6. a4 e5 7. Nf3 Qc7 8. Bg5 Nbd7 9. Nd2 h6 10. Bh4 g5 11. Bg3 Nc5 12. Qf3 Be7 13. Bc4 Be6 14. a5 Rc8 15. Bxe6 Nxe6 16. Qd3 Rg8 17. f3 h5 18. Bf2 Nf4 19. Qf1 d5 20. exd5 Bb4 21. Bb6 Qd6 22. Nde4 Nxe4 23. fxe4 Bxc3+ 24. bxc3 Rxc3 25. Qf2 Kd7 26. O-O Rgc8 27. Rac1 Qa3 28. Qd2 Qa4 29. Rf2 Qxe4 30. d6 Rxc2 31. Rxc2 Rxc2 32. Qxc2 Qe1+ 33. Rf1 Ne2+ 34. Qxe2 Qxe2 35. Rxf7+ Kxd6 36. h3 e4 37. Rf8 e3 38. Re8 Qd1+ 39. Kh2 e2 40. Bf2 Qf1 41. Kg3 Qd1 42. Re3 h4+ 0-1

[Event "74th UKR-ch"]
[Site "Rivne UKR"]
[Date "2005.08.27"]
[Round "2.2"]
[White "Areschenko, Alexander"]
[WhiteElo "2625"]
[Black "Zinchenko, Yaroslav"]
[BlackElo "2493"]
[Result "1-0"]
[EventDate "2005.08.??"]
[PlyCount "117"]

1. e4 c5 2. Nf3 Nc6 3. d4 cxd4 4. Nxd4 Nf6 5. Nc3 e5 6. Ndb5 d6 7. Bg5 a6 8. Na3 b5 9. Bxf6 gxf6 10. Nd5 f5 11. Bd3 Be6 12. O-O Bxd5 13. exd5 Ne7 14. c3 Bg7 15. Qh5 e4 16. Be2 O-O 17. Nc2 Rc8 18. f3 b4 19. Nxb4 a5 20. Nc6 Nxc6 21. dxc6 Qb6+ 22. Kh1 Qxb2 23. fxe4 fxe4 24. Bc4 Qxc3 25. Bxf7+ Kh8 26. Bg6 h6 27. Bxe4 Qc4 28. Bf5 Rxc6 29. Qg6 Rxf5 30. Qxf5 Bxa1 31. Qf8+ Kh7 32. Rf7+ Qxf7 33. Qxf7+ Bg7 34. h4 Rc5 35. g4 Re5 36. Kg2 d5 37. g5 hxg5 38. h5 Re2+ 39. Kf3 Rxa2 40. Qxd5 Ra3+ 41. Kg2 Rc3 42. Qe4+ Kg8 43. Qe6+ Kh7 44. Qg6+ Kh8 45. h6 Rc7 46. hxg7+ Rxg7 47. Qh5+ Kg8 48. Kg3 g4 49. Qxa5 Kf8 50. Qf5+ Ke7 51. Qe5+ Kf7 52. Qd6 Kg8 53. Qf6 Kh7 54. Qf8 Rg8 55. Qf5+ Kh6 56. Kh4 Rg6 57. Qf8+ Rg7 58. Qh8+ Kg6 59. Kxg4 1-0

[Event "74th UKR-ch"]
[Site "Rivne UKR"]
[Date "2005.08.28"]
[Round "3.1"]
[White "Areschenko, Alexander"]
[WhiteElo "2625"]
[Black "Ushenina, Anna"]
[BlackElo "2389"]
[Result "1-0"]
[EventDate "2005.08.??"]
[PlyCount "55"]

1. e4 c5 2. Nf3 e6 3. d4 cxd4 4. Nxd4 a6 5. Nc3 b5 6. Bd3 Qb6 7. Nf3 Qc7 8. O-O Bb7 9. Re1 d6 10. a4 b4 11. Na2 Nf6 12. Bd2 d5 13. exd5 Nxd5 14. c4 bxc3 15. Nxc3 Nd7 16. Rc1 Qb6 17. a5 Qa7 18. Ne4 Be7 19. Qa4 Qb8 20. Neg5 Qd6 21. Ne5 Bxg5 22. Bxg5 Rc8 23. Rxc8+ Bxc8 24. Rc1 Bb7 25. Nc4 Qc7 26. Qa3 Nc5 27. Nd2 Qe5 28. Nf3 1-0

[Event "74th UKR-ch"]
[Site "Rivne UKR"]
[Date "2005.08.29"]
[Round "3.2"]
[White "Ushenina, Anna"]
[WhiteElo "2389"]
[Black "Areschenko, Alexander"]
[BlackElo "2625"]
[Result "0-1"]
[EventDate "2005.08.??"]
[PlyCount "102"]

1. g3 Nf6 2. Bg2 g6 3. e4 e5 4. d4 d6 5. Ne2 Bg7 6. Nbc3 O-O 7. h3 exd4 8. Nxd4 Nc6 9. Be3 Bd7 10. O-O Re8 11. Kh2 Qc8 12. Re1 a6 13. f4 Re7 14. g4 Nxd4 15. Bxd4 Bc6 16. Qd3 Qd7 17. Re2 Rae8 18. Rae1 h6 19. Bf3 a5 20. a3 b6 21. b4 axb4 22. axb4 g5 23. Qd2 gxf4 24. Qxf4 Nh7 25. Bxg7 Kxg7 26. Bg2 Qe6 27. b5 Ba8 28. Kg3 Qc4 29. Re3 Ng5 30. h4 Ne6 31. Qf1 Qd4 32. Nd5 Qe5+ 33. Kh3 Ng5+ 34. hxg5 hxg5 35. Nf6 Qxf6 36. Qxf6+ Kxf6 37. Rf1+ Kg7 38. Rc3 Bb7 39. Kg3 Rd7 40. Rc4 Re5 41. Rb1 Rde7 42. Rbb4 Kf6 43. Ra4 Bc8 44. Ra7 Rxb5 45. Rcxc7 Rxc7 46. Rxc7 Rc5 47. Rxc5 dxc5 48. c3 Ke5 49. Kf3 b5 50. Bf1 b4 51. cxb4 cxb4 0-1

[Event "74th UKR-ch"]
[Site "Rivne UKR"]
[Date "2005.08.28"]
[Round "3.1"]
[White "Brodsky, Mikhail"]
[WhiteElo "2554"]
[Black "Yefymenko, Zakhar"]
[BlackElo "2643"]
[Result "1/2-1/2"]
[EventDate "2005.08.??"]
[PlyCount "31"]

1. Nf3 Nf6 2. c4 g6 3. Nc3 Bg7 4. e4 d6 5. Be2 O-O 6. d4 e5 7. Be3 Ng4 8. Bg5 f6 9. Bc1 exd4 10. Nxd4 f5 11. O-O fxe4 12. Bxg4 Bxg4 13. Qxg4 Bxd4 14. Qxe4 Nc6 15. Be3 Bxe3 16. Qxe3 1/2-1/2

[Event "74th UKR-ch"]
[Site "Rivne UKR"]
[Date "2005.08.29"]
[Round "3.2"]
[White "Yefymenko, Zakhar"]
[WhiteElo "2643"]
[Black "Brodsky, Mikhail"]
[BlackElo "2554"]
[Result "1-0"]
[EventDate "2005.08.??"]
[PlyCount "71"]

1. e4 e5 2. Bc4 Nf6 3. d3 d6 4. Nf3 Be7 5. O-O O-O 6. Re1 c6 7. a4 Nbd7 8. Nc3 b6 9. Ne2 d5 10. exd5 cxd5 11. Ba2 Bb4 12. c3 Bd6 13. Ng3 g6 14. Bg5 Qc7 15. d4 e4 16. Ne5 Bxe5 17. dxe5 Qxe5 18. f4 Qc7 19. Nf1 Bb7 20. Qd4 Qc5 21. Rad1 Kg7 22. Ne3 h6 23. Bh4 Qxd4 24. Rxd4 Rfe8 25. b4 Rac8 26. c4 dxc4 27. Bxc4 Rc7 28. Red1 Nf8 29. f5 Nh5 30. Bd8 Rc8 31. Rd6 g5 32. Bb5 Re5 33. g4 Rxb5 34. axb5 Nf4 35. Bf6+ Kg8 36. Rd8 1-0

[Event "74th UKR-ch"]
[Site "Rivne UKR"]
[Date "2005.08.28"]
[Round "3.1"]
[White "Kononenko, Dmitry"]
[WhiteElo "2430"]
[Black "Borovikov, Vladislav"]
[BlackElo "2595"]
[Result "1/2-1/2"]
[EventDate "2005.08.??"]
[PlyCount "51"]

1. e4 c5 2. Nf3 d6 3. d4 cxd4 4. Nxd4 Nf6 5. Nc3 a6 6. Be2 e5 7. Nb3 Be7 8. O-O O-O 9. a4 Be6 10. f4 exf4 11. Bxf4 Nc6 12. Kh1 Rc8 13. Nd4 Ne5 14. Bg5 h6 15. Bh4 Re8 16. Nf5 Bxf5 17. Rxf5 Rxc3 18. Bxf6 Rc5 19. Bxe5 Rxe5 20. Rxe5 dxe5 21. Bc4 Qxd1+ 22. Rxd1 Rc8 23. Bb3 Kf8 24. g4 Rc7 25. Rd5 Bg5 26. Rd1 1/2-1/2

[Event "74th UKR-ch"]
[Site "Rivne UKR"]
[Date "2005.08.28"]
[Round "3.2"]
[White "Borovikov, Vladislav"]
[WhiteElo "2595"]
[Black "Kononenko, Dmitry"]
[BlackElo "2430"]
[Result "1-0"]
[EventDate "2005.08.??"]
[PlyCount "117"]

1. d4 Nf6 2. Nf3 c5 3. d5 e6 4. c4 d6 5. Nc3 Nbd7 6. e4 exd5 7. cxd5 g6 8. h3 Bg7 9. Bd3 O-O 10. O-O Qe7 11. Re1 Rb8 12. a4 a6 13. Bf4 Ne8 14. Qd2 Nc7 15. Bf1 Rd8 16. Rad1 Ne8 17. Bg5 f6 18. Be3 Ne5 19. Nxe5 fxe5 20. a5 b5 21. axb6 Rxb6 22. Bc4 Kh8 23. Na4 Rb4 24. b3 Nf6 25. Bg5 Qf8 26. Qd3 Rb8 27. Nb2 h6 28. Bxf6 Qxf6 29. Ra1 Rf8 30. Rf1 Rb4 31. Bxa6 Rd4 32. Qe3 Qh4 33. Bxc8 Rxe4 34. Qd3 Rd4 35. Qxg6 Rxc8 36. Nc4 Qf6 37. Qxf6 Bxf6 38. Nxd6 Rb8 39. Nf5 Rxd5 40. Ra6 Bg7 41. Re1 Bf8 42. Re3 e4 43. Nxh6 Rd1+ 44. Kh2 Kh7 45. Nf5 Rd5 46. g4 Rd3 47. Rxe4 Rdxb3 48. Kg2 R3b6 49. Rxb6 Rxb6 50. Re8 Rf6 51. Rc8 Kg6 52. h4 Kf7 53. h5 Ke6 54. h6 Bxh6 55. Nxh6 Kd7 56. Rh8 c4 57. Nf5 c3 58. Ne3 Re6 59. Rh1 1-0

[Event "74th UKR-ch"]
[Site "Rivne UKR"]
[Date "2005.08.28"]
[Round "3.3"]
[White "Kononenko, Dmitry"]
[WhiteElo "2430"]
[Black "Borovikov, Vladislav"]
[BlackElo "2595"]
[Result "1/2-1/2"]
[EventDate "2005.08.??"]
[PlyCount "140"]

1. e4 c5 2. Nf3 d6 3. d4 cxd4 4. Nxd4 Nf6 5. Nc3 a6 6. Be2 e5 7. Nb3 Be7 8. O-O O-O 9. a4 Nc6 10. Bg5 Be6 11. Bxf6 Bxf6 12. Nd5 Rc8 13. Bg4 Bg5 14. a5 g6 15. Bxe6 fxe6 16. Nb6 Rc7 17. Qg4 Qe7 18. c3 Nd8 19. Nc1 Bxc1 20. Raxc1 Rf4 21. Qe2 Nf7 22. g3 Rf6 23. h4 Qf8 24. Qe3 Nh6 25. f3 Kg7 26. Rcd1 Qe7 27. Rd3 Rf8 28. Kg2 Nf7 29. Rfd1 Rc6 30. b4 h6 31. c4 Rd8 32. c5 Rf8 33. Nc4 dxc5 34. Rd7 Qf6 35. bxc5 Kg8 36. Rxb7 Nd8 37. Rb3 Nf7 38. Rd7 g5 39. h5 g4 40. Nd2 Ng5 41. fxg4 Rfc8 42. Rc3 Rb8 43. Rc1 Qf8 44. Nb3 Rb4 45. Rcd1 Rc8 46. Rf1 Qe8 47. Rfd1 Rxe4 48. Qd3 Rxg4 49. c6 Qxh5 50. Rh1 Qe8 51. Rxh6 Ne4 52. Rh3 Qf8 53. Qe2 Nf6 54. c7 Rg7 55. Rxg7+ Qxg7 56. Qxe5 Rxc7 57. Qxe6+ Qf7 58. Qxf7+ Kxf7 59. Rh8 Rb7 60. Nd4 Rb4 61. Nc6 Rb2+ 62. Kh3 Rc2 63. Rc8 Kg7 64. Ne7 Rxc8 65. Nxc8 Kf7 66. g4 Ke6 67. Nb6 Nxg4 68. Kxg4 Kd6 69. Kf5 Kc5 70. Ke5 Kb5 1/2-1/2

[Event "74th UKR-ch"]
[Site "Rivne UKR"]
[Date "2005.08.29"]
[Round "3.4"]
[White "Borovikov, Vladislav"]
[WhiteElo "2595"]
[Black "Kononenko, Dmitry"]
[BlackElo "2430"]
[Result "1/2-1/2"]
[EventDate "2005.08.??"]
[PlyCount "67"]

1. d4 Nf6 2. Nf3 c5 3. d5 e6 4. c4 exd5 5. cxd5 d6 6. Nc3 g6 7. h3 Bg7 8. e4 O-O 9. Bd3 Nbd7 10. Bf4 Ne8 11. O-O Ne5 12. Nxe5 dxe5 13. Be3 b6 14. a4 f5 15. f3 f4 16. Bf2 a5 17. d6 Be6 18. Qc2 Nxd6 19. Rfd1 Qc7 20. Bf1 Rad8 21. Nd5 Bxd5 22. Rxd5 Bf6 23. b4 Nb7 24. Bc4 Kg7 25. bxc5 Nxc5 26. Rb1 Be7 27. Kh2 Rxd5 28. Bxd5 h5 29. h4 Kh6 30. Qc4 Qd8 31. Kh3 Qd7+ 32. Kh2 Qd8 33. Kh3 Qd7+ 34. Kh2 1/2-1/2

[Event "74th UKR-ch"]
[Site "Rivne UKR"]
[Date "2005.08.28"]
[Round "3.1"]
[White "Kruppa, Yury"]
[WhiteElo "2525"]
[Black "Neverov, Valeriy"]
[BlackElo "2572"]
[Result "1/2-1/2"]
[EventDate "2005.08.??"]
[PlyCount "49"]

1. d4 d5 2. c4 e6 3. Nc3 Be7 4. cxd5 exd5 5. Bf4 Nf6 6. e3 Bf5 7. Qb3 Nc6 8. a3 Na5 9. Qa2 O-O 10. Nf3 a6 11. b4 Nc6 12. Rc1 Na7 13. Na4 c6 14. Nc5 Qb6 15. Be2 a5 16. Qb2 axb4 17. axb4 Nb5 18. Ne5 Rfe8 19. O-O Nd6 20. g4 Bc8 21. f3 Qd8 22. Ra1 Rxa1 23. Rxa1 Nd7 24. Qb3 Nb6 25. b5 {It seems to me that White should have played on.} 1/2-1/2

[Event "74th UKR-ch"]
[Site "Rivne UKR"]
[Date "2005.08.28"]
[Round "3.2"]
[White "Kruppa, Yury"]
[WhiteElo "2525"]
[Black "Neverov, Valeriy"]
[BlackElo "2572"]
[Result "1-0"]
[EventDate "2005.08.??"]
[PlyCount "93"]

1. d4 d5 2. c4 e6 3. Nc3 Be7 4. cxd5 exd5 5. Bf4 Nf6 6. e3 Bf5 7. Qb3 Nc6 8. a3 Na5 9. Qa2 O-O 10. Nf3 a6 11. Ne5 c5 12. dxc5 Bxc5 13. Rd1 Be6 14. Qb1 Nc6 15. Be2 Bd6 16. Nxc6 bxc6 17. Bxd6 Qxd6 18. O-O a5 19. Rd2 Rab8 20. Rc1 h6 21. Qc2 Rfc8 22. Bf3 Qd7 23. Qd1 Bg4 24. Na4 Bxf3 25. Qxf3 Qa7 26. Rdc2 Qa6 27. Nc5 Qa7 28. Qf5 Qb6 29. h4 Rc7 30. g4 Re7 31. g5 hxg5 32. hxg5 Ne4 33. Nd7 Nd6 34. Qh3 Rxd7 35. Qxd7 Nc4 36. g6 Rf8 37. gxf7+ Rxf7 38. Qc8+ Rf8 39. Qe6+ Kh7 40. Kg2 g6 41. Rh1+ Kg7 42. Qe7+ Rf7 43. Rh7+ Kxh7 44. Qxf7+ Kh6 45. Qf8+ Kh7 46. Qe7+ Kg8 47. Qf6 1-0